| 000 | 00827nam a22002417a 4500 | ||
|---|---|---|---|
| 001 | 3608 | ||
| 003 | FISKH | ||
| 005 | 20240325142426.0 | ||
| 008 | 240325b cb ||||| |||| 00| 0 eng d | ||
| 040 |
_aFISK _beng _cFISK _dFISK |
||
| 050 | _aPZ7.W6461 | ||
| 082 | _a813.52 | ||
| 100 |
_aWilder Ingalls Laura _d1867-1957 |
||
| 245 |
_aLittle town on the prairie / _cLaura Ingalls Wilder |
||
| 260 |
_aNew York : _bLaura Ingalls Wilder, _c1941 |
||
| 300 |
_a304 pages : _c20 cm |
||
| 505 | _aO | ||
| 520 | _aPa's homestead thrives, Laura gets her first job in town, blackbirds eat the corn and oats crops, Mary goes to college, and Laura gets into trouble at school, but becomes a certified school teacher. | ||
| 521 | 8 |
_a850 _bLexile |
|
| 700 | _aLaura Ingalls Wilder | ||
| 942 |
_2ddc _cBK _n0 |
||
| 999 |
_c3608 _d3608 |
||